000 00931nam a2200205 i 4500
001 156812
003 ES-MaACL
005 20231227062555.0
008 931025s1891 sp |||| | spa d
040 _aAS
_bspa
_cPAB
100 1 _aLabra, Rafael M. de,
_d1840-1918
_969273
245 1 3 _aLa reforma electoral en las Antillas españolas
_b: discursos pronunciados en el Congreso de los Diputados de España en marzo y abril de 1890 /
_cpor Rafael María de Labra ; precedidos de un estudio sobre la política antillana en la metropoli española.
260 _aMadrid :
_b[s.n.],
_c1891 (
_fImprenta y estereotipia de "El Liberal")
300 _aCXLVII, 319 p. ;
_c18 cm.
650 4 _aCuba-
_xPolítica y gobierno-
_yS.XIX.
_9222654
650 _aPuerto Rico-
_xPolítica y gobierno.
_9222657
710 1 _aEspaña.
_bCortes Generales.
_bCongreso.
_93671
852 _aES-MaACL
_jF-11466
_z-- Enc. pasta
999 _c156812
_d156812